书目信息 |
| 题名: |
地下工程监控量测
|
|
| 作者: | 毛红梅 , 贾良 主编 | |
| 分册: | ||
| 出版信息: | 北京 人民交通出版社股份有限公司 2021.11 |
|
| 页数: | 249页 | |
| 开本: | 26cm | |
| 丛书名: | ||
| 单 册: | ||
| 中图分类: | TU198 | |
| 科图分类: | ||
| 主题词: | 地下工程测量--di xia gong cheng ce liang--高等职业教育--教材 | |
| 电子资源: | ||
| ISBN: | 978-7-114-16830-7 | |
| 000 | 01078nam0 2200265 450 | |
| 001 | 011025153444 | |
| 005 | 20221025153444.0 | |
| 010 | @a978-7-114-16830-7@dCNY45.00 | |
| 100 | @a20201004d2021 em y0chiy0120 ea | |
| 101 | 0 | @achi |
| 102 | @aCN@b110000 | |
| 105 | @aa z 000yy | |
| 106 | @ar | |
| 200 | 1 | @a地下工程监控量测@Adi xia gong cheng jian kong liang ce@dMonitoring and measurement of underground works@f毛红梅, 贾良主编@zeng |
| 205 | @a第2版 | |
| 210 | @a北京@c人民交通出版社股份有限公司@d2021.11 | |
| 215 | @a249页@c图@d26cm | |
| 300 | @a高职交通运输与土建类专业系列教材高等职业教育新形态一体化教材 | |
| 330 | @a本书内容主要包括基坑工程施工监测、矿山法隧道施工监测、盾构法隧道施工监测,并就边坡工程监测、高速铁路路基变形监测和远程监测做了简要介绍。 | |
| 510 | 1 | @aMonitoring and measurement of underground works@zeng |
| 606 | 0 | @a地下工程测量@Adi xia gong cheng ce liang@x高等职业教育@j教材 |
| 690 | @aTU198@v5 | |
| 701 | 0 | @a毛红梅@Amao hong mei@f(1973~)@4主编 |
| 701 | 0 | @a贾良@Ajia liang@c(职业教育)@4主编 |
| 905 | @a河南城建学院图书馆@dTU198@eM342 | |
| 地下工程监控量测=Monitoring and measurement of underground works/毛红梅, 贾良主编.-第2版.-北京:人民交通出版社股份有限公司,2021.11 |
| 249页:图;26cm |
| 高职交通运输与土建类专业系列教材高等职业教育新形态一体化教材 |
| ISBN 978-7-114-16830-7:CNY45.00 |
| 本书内容主要包括基坑工程施工监测、矿山法隧道施工监测、盾构法隧道施工监测,并就边坡工程监测、高速铁路路基变形监测和远程监测做了简要介绍。 |
| ● |
| 相关链接 |
|
|
|
正题名:地下工程监控量测
索取号:TU198/M342
 
预约/预借
| 序号 | 登录号 | 条形码 | 馆藏地/架位号 | 状态 | 备注 |
| 1 | 1588222 | 215882221 | 建筑库101/101建筑库 28排3列1层/ [索取号:TU198/M342] | 在馆 | |
| 2 | 1588223 | 215882230 | 建筑库101/101建筑库 28排3列1层/ [索取号:TU198/M342] | 在馆 |